• 首页
  • 本馆介绍
  • 公告通知
  • 最新文献
  • 馆藏检索
  • 电子资源
  • 读者导购
  • 参考咨询
  • 我的图书馆
  • 登录
  • 详细信息显示
  • 放入我的书架
  • 预约/预借图书
  • 作者相关作品
  • 分类相关作品
  • 丛书相关作品
  • 出版社相关作品

书目信息

  • 表格格式
  • 工作单格式
  • 卡片格式
题名:
艺术的民主
    
 
作者: 王春辰 著
分册:  
出版信息: 北京   中央编译出版社  2013.07
页数: 330页
开本: 21cm
丛书名:
单 册:
中图分类: J05-53
科图分类:
主题词: 艺术评论--文集 , 艺术评论
电子资源:
ISBN: 978-7-5117-1649-1
000 00739nam0 2200253 450
001 012013046448
005 20140609110911.70
010    @a978-7-5117-1649-1@dCNY55.00
100    @a20130727d2013 em y0chiy0110 ea
101 0  @achi
102    @aCN@b110000
105    @aa z 000yy
106    @ar
200 1  @a艺术的民主@9yi shu de min zhu@f王春辰著
210    @a北京@c中央编译出版社@d2013.07
215    @a330页@c图@d21cm
330    @a本书共分六部分,包括:当代之谜、绘画反思、沉重水墨、影像出击、史论观想、杂说无碍。
333    @a艺术爱好者
606 0  @a艺术评论@j文集
606 0  @a艺术评论
690    @aJ05-53@v5
701  0 @a王春辰@9wang chun chen@4著
801  0 @aCN@b人天书店@c20130727
905    @b548506-08@dJ05-53@e275@f3
    
    艺术的民主/王春辰著.-北京:中央编译出版社,2013.07
    330页:图;21cm
    使用对象:艺术爱好者
    
    ISBN 978-7-5117-1649-1:CNY55.00
    本书共分六部分,包括:当代之谜、绘画反思、沉重水墨、影像出击、史论观想、杂说无碍。
●
相关链接 在E读中查询图书 在五车中查询图书 在当当中查询图书 在豆瓣中查询图书


正题名:艺术的民主     索取号:J05-53/275         预约/预借

序号 登录号 条形码 馆藏地/架位号 状态 备注
1 548506   205485063   第一样本阅览室/ [索取号:J05-53/275] 在馆    
2 548507   205485072   美术系资料室/ [索取号:J05-53/275] 在馆    
3 548508   205485081   第一借阅区/ [索取号:J05-53/275] 在馆    
唐山师范学院图书馆 欢迎您!
大连网信软件有限公司© 版权所有